The noble scholar, jurist, historian


 His Excellency Dr. Abdul Wahhab bin Ibrahim Abu Sulaiman, may Allah have mercy on him.


 He was born in Umm Al-Qura in the year 1356 AH.

خبر الواحد إذا خالف عمل أهل المدينة : (Record no. 13566)

MARC details
000 -LEADER
fixed length control field 03333ctm a2200361 i 4500
003 - CONTROL NUMBER IDENTIFIER
control field SA-RiAUC
005 - DATE AND TIME OF LATEST TRANSACTION
control field 20251216125123.0
008 - FIXED-LENGTH DATA ELEMENTS--GENERAL INFORMATION
fixed length control field 251208s1988 su f bm 00010 ara c
024 0# - OTHER STANDARD IDENTIFIER
Standard number or code 00000000993561
040 ## - CATALOGING SOURCE
Original cataloging agency SA-JeALM
Language of cataloging ara
Transcribing agency SA-RiAUC
Modifying agency AE-DuMBRL
Description conventions rda
050 #4 - LIBRARY OF CONGRESS CALL NUMBER
Item number .F55 1988
082 04 - DEWEY DECIMAL CLASSIFICATION NUMBER
Classification number 258.2
090 ## - LOCALLY ASSIGNED LC-TYPE CALL NUMBER (OCLC); LOCAL CALL NUMBER (RLIN)
Classification number (OCLC) (R) ; Classification number, CALL (RLIN) (NR) ر 258.2
Local cutter number (OCLC) ; Book number/undivided call number, CALL (RLIN) ف ل م
100 1# - MAIN ENTRY--PERSONAL NAME
Personal name فلمبان، حسان محمد حسين
Relator term مؤلف.
245 10 - TITLE STATEMENT
Title خبر الواحد إذا خالف عمل أهل المدينة :
Remainder of title دراسة تطبيقة /
Statement of responsibility, etc. إعداد الطالب حسان محمد حسين عبد الغني فلمبان ؛ إشراف الأستاذ الدكتور عبد الوهاب إبراهيم أبو سليمان.
264 #0 - PRODUCTION, PUBLICATION, DISTRIBUTION, MANUFACTURE, AND COPYRIGHT NOTICE
Place of production, publication, distribution, manufacture مكة المكرمة :
Name of producer, publisher, distributor, manufacturer جامعة أم القرى
Date of production, publication, distribution, manufacture, or copyright notice 1988
300 ## - PHYSICAL DESCRIPTION
Extent 437 ورقة ؛
Dimensions 30 × 21 سم
336 ## - CONTENT TYPE
Content type term نص
Content type code txt
Source rdacontent
Materials specified أطروحة
337 ## - MEDIA TYPE
Media type term بدون وسيط
Media type code n
Source rdamedia
338 ## - CARRIER TYPE
Carrier type term مجلد
Carrier type code nc
Source rdacarrier
500 ## - GENERAL NOTE
General note أطروحة (ماجستير)-جامعة أم القرى، 1400 هجري.
502 ## - DISSERTATION NOTE
Degree type ماجستير
Name of granting institution جامعة أم القرى، كلية الشريعة والدراسات الإسلامية، قسم الدراسات العليا الشرعية، شعبة الفقه وأصوله، فرع أصول الفقه
Year degree granted 1988.
504 ## - BIBLIOGRAPHY, ETC. NOTE
Bibliography, etc. note يشتمل على إرجاعات ببليوجرافية.
520 ## - SUMMARY, ETC.
Summary, etc. يتناول كتاب (خبر الواحد إذا خالف عمل أهل المدينة) والذي قام بتأليفه حسان محمد حسين عبد الغني فلمبان، موضوع (أصول الفقه) هذا الكتاب رسالة علمية وهو بحث مقدم للحصول على درجة الماجستير في الفقه والأصول، يناقش علاقة موضوعين رئيسين ببعضهما، فمن ثم استوجب البحث دراسة كل منهما دراسة وافية مستقلة في فصلين أولهما خبر الواحد، وثانيهما عمل أهل المدينة، ثم عرض المسائل التي تمثل هذا التعارض وما يترجح منهما. ففي الخبر الواحد تم بحث تعريفه، وبيان حجيته، وما يفيده من العلم أو الظن، وقد عني هذا الفصل بالمباحث التي تمس البحث بحيث لا يتطرق إلى مباحث كلامية خارجة. وأما عمل أهل المدينة فقد احتاج البحث فيه إلى دراسة أمور منها: موقف الأصوليين من عمل أهل المدينة، وموقف المالكية، ثم دراسة الأقوال في عمل أهل المدينة بحسب ورودها تاريخيا. حتى تم التوصل إلى تقرير أن عمل أهل المدينة النقلي هو النوع الذي يحتج به، وكذا عملهم المتصل دون الاجتهادي.
650 #7 - SUBJECT ADDED ENTRY--TOPICAL TERM
Topical term or geographic name entry element حديث الآحاد
Source of heading or term aucsh
650 #7 - SUBJECT ADDED ENTRY--TOPICAL TERM
Topical term or geographic name entry element الحديث
General subdivision إسناد
Source of heading or term aucsh
650 #7 - SUBJECT ADDED ENTRY--TOPICAL TERM
Topical term or geographic name entry element أصول الفقه الإسلامي
Source of heading or term aucsh
650 #7 - SUBJECT ADDED ENTRY--TOPICAL TERM
Topical term or geographic name entry element الفقه المالكي
Source of heading or term aucsh
650 #7 - SUBJECT ADDED ENTRY--TOPICAL TERM
Topical term or geographic name entry element الاستنباط (أصول فقه)
Source of heading or term aucsh
700 ## - ADDED ENTRY--PERSONAL NAME
Personal name أبو سليمان, الدكتور عبد الوهاب إبراهيم.
Relator term إشراف
942 ## - ADDED ENTRY ELEMENTS (KOHA)
Source of classification or shelving scheme Dewey Decimal Classification
Koha item type رسالة علمية
Suppress in OPAC No
949 ## - LOCAL PROCESSING INFORMATION (OCLC)
a SA-JeALM
d 251208
u mohamedma123
n 1
Holdings
Withdrawn status Lost status Source of classification or shelving scheme Damaged status Not for loan Home library Current library Date acquired Total checkouts Full call number Barcode Date last seen Price effective from Koha item type
    Dewey Decimal Classification     DR AbdElwahab Library DR AbdElwahab Library 12/16/2025   ر 258.2 ف ل م 000021744 12/16/2025 12/16/2025 رسالة علمية